Toutes les villes et villages d'Andorre sur une carte - Statistiques

Statistiques générales
  • Ce quiz a été pris 105 fois
  • Le résultat moyen est 6 sur 44
Réponses sur la Carte
Les réponses sont colorées sur une échelle allant du rouge au vert en fonction du pourcentage des utilisateurs qui les ont devinées à leur premier essai. Vous pouvez retrouver ces pourcentages ci-dessous.
 
Statistiques - réponses
Paroisse Villes/Villages Population % Correct
Andorre-la-Vieille Andorre-la-Vieille 20 719
98%
Encamp Le Pas de la Case 2 156
44%
Encamp Encamp 8 326
38%
Escaldes-Engordany Escaldes-Engordany 15 506
36%
Sant Julià de Lòria Sant Julià de Lòria 7 962
30%
La Massana La Massana 5 979
28%
Ordino Ordino 3 217
28%
Canillo Canillo 2 550
26%
Canillo Soldeu 790
19%
Canillo El Tarter 1 003
16%
Andorre-la-Vieille Santa Coloma d'Andorre 3 323
16%
La Massana Arinsal 2 127
15%
La Massana Pal 248
11%
Ordino Llorts 280
10%
Canillo Meritxell 69
10%
Encamp Vila 1 188
10%
Sant Julià de Lòria Aixirivall 1 041
9%
La Massana Anyós 1 006
9%
Sant Julià de Lòria Bixessarri 61
9%
Ordino El Serrat 312
9%
Canillo El Vilar 7
9%
La Massana Erts 574
9%
Canillo L'Aldosa de Canillo 289
9%
La Massana L'Aldosa de la Massana 811
9%
Encamp Les Bons 1 156
9%
Canillo Prats 82
9%
Sant Julià de Lòria Aixovall 80
7%
Ordino Ansalonga 50
7%
Ordino Arans 234
7%
Canillo El Forn 99
7%
Canillo Els Plans 38
7%
La Massana Escàs 13
7%
Canillo Incles 510
7%
Ordino La Cortinada 948
7%
Sant Julià de Lòria Llumeneres 4
7%
Sant Julià de Lòria Nagol 175
7%
Canillo Ransol 344
7%
Ordino Segudet 60
7%
La Massana Sispony 833
7%
Sant Julià de Lòria Aubinyà 218
6%
Sant Julià de Lòria Certers 85
6%
Sant Julià de Lòria Fontaneda 119
6%
Sant Julià de Lòria Juberri 170
6%
Ordino Sornàs 339
6%
Aucun quiz correspondant
Distribution des résultats
% des personnes avec chaque résultat
Percentile par nombre de réponses
Votre historique - résultats
Vous n’avez pas pris ce quiz